[Event "Stay Safe Play From Home 173"]
[Site "T#646330Emanuel Laske"]
[Date "2020.05.25"]
[Round "1"]
[White "Mepe_Nika"]
[Black "Patzeroglu"]
[Result "1-0"]
[WhiteElo "2242"]
[BlackElo "1857"]
[Annotator "TA"]
[PlyCount "121"]
[EventDate "2020.05.25"]
[EventType "swiss (blitz)"]

{[%evp 10,121,0,-12,13,13,29,-1,16,-14,-7,-14,-4,-20,-20,-51,-59,-56,-41,-85,-89,-195,-191,-212,-231,-291,-277,-269,-266,-402,-391,-382,-368,-352,-303,-266,-239,-279,-172,-328,-144,-155,-133,-129,-138,-283,-134,-316,-261,-245,-251,-335,-335,-294,-74,-341,-326,-605,-600,-1633,-1598,-1942,-1912,-1825,-1395,-1329,-975,-1184,-1170,-29975,-29976,-29976,-29976,-29977,-29978,-29978,-29978,-29979,0,0,0,0,0,0,0,0,8,8,29958,29960,29961,29958,29981,29982,29982,94,29983,29984,29984,29985,29985,29986,29986,29987,29987,29988,29990,29991,29991,29992,29992,29993,29993,29991]} 1. d4 Nf6 2. Bf4 e6 3. e3 d5 4. Nf3 Bd6 5. Bg3 O-O 6. Bd3 Ne4 {D02: 1 d4 d5 2 Nf3 sidelines, including 2...Nf6 3 g3 and 2...Nf6 3 Bf4.} 7. Nbd2 f5 8. c3 c5 {[#] The position is equal.} 9. Be5 $146 ({Predecessor:} 9. Bxd6 Qxd6 10. Ne5 b6 11. Qe2 Bb7 12. Ndf3 a5 13. O-O a4 14. Rac1 Na6 15. Rfd1 {1-0 (44) Kolaric,S (2108)-Plaskan,J (2224) Slovenia 2018}) 9... Nc6 10. Bxd6 Qxd6 11. O-O c4 12. Bxe4 fxe4 13. Ne1 e5 $36 {[%mdl 2048] White is under pressure.} 14. f3 exd4 15. exd4 (15. fxe4 $17 Rxf1+ 16. Nxf1) 15... e3 $19 16. Nb1 Bf5 17. Na3 Rae8 18. Qe2 Qg6 {Strongly threatening ...Bd3.} 19. g3 (19. Rd1 $142) 19... Bd3 {[%mdl 64] Skewer} 20. Qg2 Bxf1 21. Kxf1 a6 22. Kg1 b5 23. Nac2 h5 {And now ...e2 would win.} 24. a3 $2 (24. f4 {might work better.}) 24... a5 (24... Na5 $19 {Threatens to win with ...Nb3.} 25. Qe2 Nb3) 25. f4 $17 Qe4 26. Qxe4 Rxe4 27. Kf1 (27. Ng2 $17) 27... Rb8 (27... e2+ $19 28. Kg1 g5 $1 {[%mdl 512]}) 28. Ke2 $2 (28. Ng2 $17 {keeps fighting.}) 28... b4 $19 29. axb4 axb4 30. Ra6 bxc3 31. bxc3 Ne7 $2 (31... Re6 $19 {and Black stays clearly on top. White must now prevent ...Nxd4+!} 32. Ra2 Rb3) 32. Ra2 $2 {[%mdl 8192]} (32. Nb4 $17) 32... Nf5 33. Ng2 $2 (33. Kf3 Rb1 34. Ra5) 33... Rb3 34. Ngxe3 Rxc3 35. Ra8+ {[#]} Kh7 $1 36. Kd2 Rcxe3 37. Nxe3 Nxe3 {[%mdl 4096] Endgame KRN-KR} 38. Rd8 Nf5 39. Rxd5 Rxd4+ 40. Rxd4 Nxd4 {KN-K3P} 41. Kc3 Nf3 42. h3 Ng1 43. Kd2 Ne2 $2 (43... Nxh3 44. Kc3 Nxf4 $1 {[%mdl 512]} 45. Kxc4 g5 46. Kd4 h4 47. Kc3 hxg3 48. Kc4 g2 49. Kb5 g1=Q 50. Kc4 Qc1+ 51. Kb4 Nd5+ 52. Kb3 Qc3+ 53. Ka2 Nb4+ 54. Kb1 Qb3+ 55. Kc1 Qc2#) 44. Kxe2 $11 {K3P-K3P} Kg6 45. g4 hxg4 46. hxg4 {KPP-KPP} Kf6 47. Ke3 Ke6 48. Kd4 c3 $2 {[%mdl 8192]} (48... Ke7 $11 49. Kxc4 Kd6) 49. Kxc3 {KPP-KP} Kd5 {[#]} 50. Kd3 $1 {[%cal Rd3e3]} g5 51. f5 Ke5 52. Ke3 $2 (52. Kc4 {mates} Kd6 53. Kd4 Kd7 54. Ke5 Ke8 55. f6 Kd7 56. Kd5 Kd8 57. Kd6) 52... Kf6 $2 {[%mdl 8192]} (52... Kd5 $16 53. Kd3 Kc5 54. Ke4 Kd6 55. Kd4 Ke7 56. Ke5 Ke8 57. f6 Kf8) 53. Ke4 {White mates.} Kf7 54. Ke5 Ke7 55. f6+ Kf7 56. Kf5 Kf8 57. Kxg5 Kf7 58. Kf5 Kf8 59. g5 Kg8 60. g6 Kf8 61. f7 {What a bad dream for Black. Accuracy: White = 39%, Black = 65%.} 1-0

[Event "Stay Safe Play From Home 173"]
[Site "T#646330Emanuel Laske"]
[Date "2020.05.25"]
[Round "1"]
[White "SoulofWolf"]
[Black "matanant"]
[Result "1-0"]
[WhiteElo "2233"]
[BlackElo "1638"]
[Annotator "TA"]
[PlyCount "79"]
[EventDate "2020.05.25"]
[EventType "swiss (blitz)"]

{[%evp 9,79,-128,-54,-75,-10,-35,0,0,6,-14,0,0,0,-9,0,-25,-10,-28,-24,-52,-60,-50,0,-49,-9,-27,14,0,0,0,45,48,56,25,46,30,100,54,157,75,447,457,481,484,487,481,472,448,462,430,594,570,760,753,954,964,968,958,1013,951,1005,883,995,902,902,890,860,845,844,834,772,726]} 1. f4 d5 2. d3 c5 3. Nf3 Nc6 4. b3 Nf6 5. Bb2 Bg4 (5... d4 $17 6. Qc1 Nd5) 6. e3 {A03: Bird's Opening with 1...d5.} e6 (6... d4 $17 {...Nd5 is the strong threat.} 7. e4 e5 $1 {[%mdl 512]}) 7. Be2 Be7 8. O-O {The position is equal.} O-O 9. Nbd2 b5 {[%cal Bb7b5,Bb5b4][%mdl 32] [#]} 10. h3 $146 ({Predecessor:} 10. a3 Qb6 11. h3 Bxf3 12. Nxf3 d4 13. e4 c4 14. Qe1 c3 15. Bc1 Nxe4 16. dxe4 {0-1 (37) Hlubovic,M (1782)-Zelovic,M (2036) Slovakia 2013}) 10... Bxf3 11. Nxf3 Nd7 12. a3 Bf6 13. c3 a5 14. e4 b4 15. e5 {aiming for axb4.} Be7 16. Kh1 f6 17. d4 cxd4 18. cxd4 bxa3 19. Bxa3 Bb4 20. Bb2 Qb6 21. Qd3 Rae8 22. Rac1 f5 (22... Rb8 $11) 23. Rc2 h6 {[#]} (23... Rb8 $14) 24. Rfc1 (24. Qb5 $142 $1 {[%cal Rb5b6]} Ncb8 25. Rfc1) 24... Rc8 $2 {[%mdl 8192] Black cannot hold the game after this.} (24... Ne7 $16) 25. Qb5 $18 {White is clearly winning.} Qxb5 26. Bxb5 Ndb8 27. Bxc6 Nxc6 28. Rxc6 Rxc6 29. Rxc6 Kh7 30. h4 Rg8 31. Rxe6 g5 32. fxg5 hxg5 33. Nxg5+ Kg7 34. Rb6 Rc8 35. Ne6+ Kh6 36. Nc5+ Kh5 37. e6 Re8 38. Rb7 Kxh4 39. Rh7+ Kg5 40. Rg7+ {Accuracy: White = 67%, Black = 40%.} 1-0

[Event "Stay Safe Play From Home 173"]
[Site "T#646330Emanuel Laske"]
[Date "2020.05.25"]
[Round "1"]
[White "Lamborghini"]
[Black "Fischer_11"]
[Result "1-0"]
[WhiteElo "2184"]
[BlackElo "1899"]
[Annotator "NA"]
[PlyCount "63"]
[EventDate "2020.05.25"]
[EventType "swiss (blitz)"]

1. e4 {[%emt 0:00:03]} Nf6 {[%emt 0:00:08] Fischer_11 bietet Remis} 2. e5 {[%emt 0:00:02]} Nd5 {[%emt 0:00:01]} 3. d4 {[%emt 0:00:01]} d6 {[%emt 0:00:00]} 4. Nf3 {[%emt 0:00:01]} dxe5 {[%emt 0:00:01]} 5. Nxe5 {[%emt 0:00:01]} Nd7 {[%emt 0:00:00]} 6. Nxf7 {[%emt 0:00:01]} Kxf7 {[%emt 0:00:00]} 7. Qh5+ {[%emt 0:00:01]} Ke6 {[%emt 0:00:00]} 8. c4 {[%emt 0:00:00]} N5f6 {[%emt 0:00:03]} 9. d5+ {[%emt 0:00:01]} Kd6 {[%emt 0:00:01]} 10. c5+ {[%emt 0:00:01]} Nxc5 {[%emt 0:00:02]} 11. Bf4+ {[%emt 0:00:02]} Kd7 {[%emt 0:00:02]} 12. Bb5+ {[%emt 0:00:02]} c6 {[%emt 0:00:02]} 13. dxc6+ {[%emt 0:00:01]} bxc6 {[%emt 0:00:00]} 14. Qxc5 {[%emt 0:00:01]} cxb5 {[%emt 0:00:01]} 15. Qxb5+ {[%emt 0:00:02]} Ke6 {[%emt 0:00:02]} 16. Qc6+ {[%emt 0:00:01]} Kf7 {[%emt 0:00:02]} 17. Qxa8 {[%emt 0:00:01]} e5 {[%emt 0:00:05]} 18. Qxa7+ {[%emt 0:00:03]} Be7 {[%emt 0:00:03]} 19. Be3 {[%emt 0:00:02]} Be6 {[%emt 0:00:02]} 20. Nc3 {[%emt 0:00:01]} Bd5 {[%emt 0:00:03]} 21. O-O {[%emt 0:00:02]} Qa8 {[%emt 0:00:04]} 22. Qxa8 {[%emt 0:00:02]} Bxa8 {[%emt 0:00:00]} 23. Rfd1 {[%emt 0:00:03]} Rb8 {[%emt 0:00:00]} 24. b3 {[%emt 0:00:02]} Bc6 {[%emt 0:00:02]} 25. Rac1 {[%emt 0:00:02]} Ba3 {[%emt 0:00:01]} 26. Rc2 {[%emt 0:00:01]} Bd7 {[%emt 0:00:02]} 27. Nd5 {[%emt 0:00:02]} Be6 {[%emt 0:00:02]} 28. Nc7 {[%emt 0:00:03] Fischer_11 bietet Remis} Rc8 {[%emt 0:00:04]} 29. f3 {[%emt 0:00:01]} Ke7 {[%emt 0:00:02]} 30. Bc5+ {[%emt 0:00:05]} Kf7 {[%emt 0:00:02]} 31. Bxa3 {[%emt 0:00:01]} Nd5 {[%emt 0:00:01]} 32. Rdc1 {[%emt 0:00:01] Zeit (Lag: Av=0.32s, max=1.2s)} 1-0

[Event "Stay Safe Play From Home 173"]
[Site "T#646330Emanuel Laske"]
[Date "2020.05.25"]
[Round "1"]
[White "Lazieri3"]
[Black "Trotsky"]
[Result "1-0"]
[WhiteElo "2147"]
[BlackElo "1529"]
[Annotator "TA"]
[PlyCount "61"]
[EventDate "2020.05.25"]
[EventType "swiss (blitz)"]

{[%evp 9,61,-34,-25,-64,-61,-100,-75,-68,-69,-60,-54,-77,-52,-56,-10,-37,-29,-57,-6,-85,-89,-104,43,39,46,-14,64,59,67,60,174,156,160,170,214,210,224,239,227,237,452,208,213,220,418,364,389,350,265,0,92,97,87,75]} 1. e4 c5 2. Nc3 e6 3. d3 d5 4. Nf3 Nc6 5. Bg5 f6 (5... Be7 {is more complex.} 6. exd5 exd5 7. Bxe7 Ngxe7 8. d4 cxd4 9. Nxd4 O-O) 6. Bh4 {B40: Sicilian: 2...e6, Unusual lines.} d4 7. Ne2 {[#]} Qc7 $146 ({Predecessor:} 7... Be7 8. c3 e5 9. cxd4 cxd4 10. Nd2 Bb4 11. f4 Nge7 12. fxe5 fxe5 13. Bxe7 Qxe7 {0-1 (26) Tassinati,M (506)-Zalascek,V (1000) LSS email 2010}) 8. Bg3 {Black is better.} Bd6 9. Bxd6 Qxd6 10. g3 Bd7 11. Bg2 O-O-O 12. Qd2 h5 13. h4 Nh6 (13... e5 $15) 14. Qf4 (14. a3 $11 {keeps the balance.}) 14... e5 $17 15. Qd2 g5 ({Better is} 15... Be6 $17) 16. hxg5 $14 fxg5 17. Rxh5 (17. Nxg5 $14 Qf6 18. a3) 17... Ng4 (17... g4 $11 18. Nh4 Rdf8) 18. Rxh8 Rxh8 19. Qxg5 Nh2 (19... Qf8 $1 $14) 20. Nxh2 $18 Rxh2 {[#]} 21. Kf1 $1 Ne7 22. Ng1 Ng6 23. Nf3 Rh8 24. Ke2 Qa6 $2 {[#]} (24... Rg8 25. Kf1 Kb8) 25. Qd2 (25. Nxe5 $142 Nxe5 26. Qxe5 {[%mdl 64] Double Attack}) 25... Kb8 26. Rh1 Rc8 $2 (26... Rxh1 {keeps fighting.} 27. Bxh1 Qxa2) 27. Rh7 Bb5 28. a3 c4 29. Rh6 $2 (29. Bh3 $18 Re8 30. Bg4) 29... c3 (29... Nf4+ $11 30. gxf4 Qxh6) 30. bxc3 $16 dxc3 31. Qe3 {Accuracy: White = 58%, Black = 28%.} 1-0

[Event "Stay Safe Play From Home 173"]
[Site "T#646330Emanuel Laske"]
[Date "2020.05.25"]
[Round "1"]
[White "Haxhi Baha"]
[Black "MyLovlu"]
[Result "1-0"]
[WhiteElo "2004"]
[BlackElo "1620"]
[Annotator "TA"]
[PlyCount "99"]
[EventDate "2020.05.25"]
[EventType "swiss (blitz)"]

{[%evp 9,99,-111,-20,-45,31,7,43,0,0,-3,8,-4,31,0,0,0,0,-22,-14,-37,-16,-30,0,-20,-18,-47,0,-8,72,-15,49,-112,-94,-103,-112,-147,-137,-165,-164,-161,-166,-191,-127,-129,-113,-136,-112,-115,-100,-192,-157,-251,-233,-446,-328,-500,-258,-417,-348,-296,0,0,0,0,-14,-18,91,62,96,90,276,276,221,161,156,153,153,-827,29980,29981,29983,29980,29984,29985,29986,29987,29987,29986,29987,29987,29993,29986]} 1. e4 b6 2. d4 Bb7 3. Bd3 e6 {[#]} 4. Ke2 $146 ({Predecessor:} 4. Nf3 c5 5. c3 Nf6 6. Nbd2 Nc6 7. O-O d5 8. e5 Nd7 9. Re1 g5 10. h3 h5 11. g4 hxg4 12. hxg4 Qc7 13. Nf1 Be7 14. Ng3 O-O-O 15. Be3 {½-½ (40) So,W (2767)-Artemiev,V (2746) chess.com INT 2019}) 4... Nf6 5. Nf3 Be7 (5... Nxe4 $17 6. Re1 d5) 6. Nc3 {B00: Queen's Fianchetto Defence, Nimzowitsch Defence.} a6 (6... c5 $15) 7. Re1 b5 8. a3 {White is slightly better.} (8. e5 $5 {[%cal Re5f6]} Nd5 9. Nxd5 Bxd5 10. c3 $14) 8... d6 9. Kf1 Nbd7 10. Kg1 e5 11. d5 c6 12. dxc6 Bxc6 13. Be3 O-O 14. Nd2 Rc8 15. f3 Qc7 16. Nb3 Rfd8 17. Qd2 Nf8 18. Qf2 Ng6 (18... Rb8 $11) 19. Rad1 (19. a4 $16) 19... Qb7 (19... Rb8 $11) 20. Nd5 $2 {[#]} (20. Na5 $14 {keeps the upper hand.} Qd7 21. Nxc6 Qxc6 22. g3) 20... Nxd5 $17 21. exd5 Bxd5 22. Bxg6 hxg6 23. Bb6 Rd7 24. Na5 Qa8 25. b3 Bd8 ({Better is} 25... Be6 $19 26. g3 Bf6) 26. Bxd8 Rcxd8 27. Rd2 Be6 28. Red1 d5 29. Qg3 (29. b4 $17) 29... f6 30. h4 (30. b4 $17) 30... Bf7 31. c4 $2 (31. b4 {is the only way for White.}) 31... bxc4 32. bxc4 (32. Nxc4 $142 Qb7 33. Ne3) 32... d4 33. c5 $2 (33. Rb2) 33... Qc8 34. c6 Rd6 $2 (34... Rd5 $19 35. Nb7 Re8) 35. Nb7 $11 Qxc6 36. Nxd8 Rxd8 37. f4 Qe4 (37... Qc5 $11 {remains equal.} 38. fxe5 fxe5) 38. fxe5 fxe5 39. Re1 Qf4 $2 (39... Qc6 $16) 40. Qxf4 $18 exf4 {[%mdl 4096] Endgame KRR-KRB} 41. Re4 d3 42. Rxf4 Bb3 43. Rd4 $2 (43. Rg4 $16) 43... Bc2 $4 {[%mdl 8192] [#]} (43... Rxd4 $19 44. g3 Bc2) 44. Rxd8+ {White mates.} Kh7 45. R8xd3 Bxd3 46. Rxd3 Kh6 47. Rd6 Kh5 48. g3 Kg4 49. Kg2 Kh5 50. Rd5+ {What a bad dream for Black. Accuracy: White = 38%, Black = 44%.} 1-0

[Event "Stay Safe Play From Home 173"]
[Site "T#646330Emanuel Laske"]
[Date "2020.05.25"]
[Round "1"]
[White "The Next Contender"]
[Black "Rogan"]
[Result "0-1"]
[WhiteElo "1948"]
[BlackElo "2269"]
[Annotator "TA"]
[PlyCount "82"]
[EventDate "2020.05.25"]
[EventType "swiss (blitz)"]

{[%evp 9,82,-5,-8,-10,-10,-8,0,-4,-4,-33,-20,-21,-30,-56,-41,-45,-18,-22,0,-8,23,-13,0,0,0,-166,-130,-296,-159,-258,-272,-331,0,0,0,0,0,-160,-164,-151,-6,-1512,-1397,-6195,-6183,-2837,-2385,-29990,-1360,-896,-436,-485,-442,-650,-636,-643,-635,-547,-268,-246,-176,-268,-256,-29949,-12841,-29938,-2842,-970,0,-1728,-1701,-29984,-29985,-29985,-29982]} 1. d4 d5 2. c4 c6 3. Nf3 Nf6 4. e3 Bg4 5. g3 Nbd7 6. Bg2 {[#] D11: Slav Defence: 3 Nf3 sidelines and 3...Nf6 4 e3 Bg4.} e6 $146 ({Predecessor:} 6... e5 7. Qb3 Qc7 8. dxe5 dxc4 9. Qxc4 Bxf3 10. Bxf3 Nxe5 11. Qe2 Nxf3+ 12. Qxf3 Bb4+ {½-½ (62) Verhoeff,T-Van Bruxvoort,X Sneek 2013}) 7. O-O Bd6 8. h3 {The position is equal.} Bh5 9. Qd2 Ne4 10. Qc2 f5 11. c5 Bc7 12. b4 Ndf6 13. Nbd2 a6 14. a4 Nxd2 15. Nxd2 Ne4 16. Bb2 ({Much worse is} 16. Bxe4 fxe4 17. f4 exf3 $17) 16... O-O 17. Nxe4 $2 (17. Nf3 $11 {and White is okay.}) 17... fxe4 $19 18. Qb3 $2 (18. b5 $17) 18... Qf6 ({Black should play} 18... Qg5 $19 19. h4 Qg6) 19. b5 (19. Qc2 $17) 19... axb5 {And now ...Be2 would win.} 20. axb5 Bf3 $2 (20... Rxa1 $19 21. Bxa1 Be2 {[%mdl 64] Double Attack}) 21. Rxa8 $11 Rxa8 22. Bxf3 exf3 23. Ra1 $2 (23. bxc6 $1 $11 Qg6 24. Kh1 (24. Qxb7 {leads to mate.} Bxg3 25. Kh1 Bh2 26. Qxa8+ Kf7 27. Qa7+ Kf6 28. Qf7+ Kxf7 29. Kxh2 Qg2#)) 23... Rxa1+ $17 24. Bxa1 {[#] White wants to play bxc6.} Qf5 ({Better is} 24... Qg6 $1 $17 {[%mdl 512]} 25. Qd1 cxb5) 25. Kh2 $2 {[%mdl 8192] [#]} (25. g4 $11 Qf8 26. Qa4) 25... h5 $1 $19 26. bxc6 bxc6 27. Qd1 h4 $1 {[%cal Rh4g3]} 28. Qf1 Kh7 (28... Qg6 $142 29. Kh1 hxg3 30. Qe1 g2+ 31. Kg1 Qf5 32. Qb4 Qxh3 33. Qb8+ Bxb8 34. Bc3 Qh2#) 29. Bc3 Qh5 (29... Qc2 $142 30. Kg1 Qxc3 31. Qb1+ Kg8) 30. Be1 Qg5 31. Kh1 (31. Qd3+ $142 Kg8 32. Qa3) 31... hxg3 {[%mdl 64] Overworked Piece} 32. fxg3 Qxe3 33. Kh2 Qxd4 (33... Kg6 $142 34. Bf2 Qe2 35. Qxe2 fxe2) 34. Qxf3 {intending Qh5+.} Qe5 35. Qg4 (35. Kg2 {was called for.}) 35... Qf5 ({Not} 35... Qxe1 36. Qh5+ Kg8 37. Qe8+ Kh7 38. Qh5+ Kg8 39. Qe8+ Kh7 40. Qh5+ $11) 36. Bf2 $2 (36. Qxf5+ $19 exf5 37. Kg2) 36... Qxf2+ {[%mdl 64] Double Attack} 37. Kh1 Qe1+ (37... Qf5 $142 38. Qh4+ Kg8 39. Kg1 Qb1+ 40. Kg2 Qc2+ 41. Kf3 Qd3+ 42. Kg2 Qc2+ 43. Kf1 Qd1+ 44. Kf2 Qc2+ 45. Kf1 Qd1+ 46. Kf2 Qc2+ 47. Kf1) 38. Kh2 Qf2+ 39. Kh1 Qf5 {( -> ...Qxg4)} 40. Kh2 Qxg4 41. hxg4 {[#]} Bxg3+ $1 {Accuracy: White = 36%, Black = 56%.} 0-1

[Event "Stay Safe Play From Home 173"]
[Site "T#646330Emanuel Laske"]
[Date "2020.05.25"]
[Round "1"]
[White "Don59as"]
[Black "UHU4"]
[Result "1-0"]
[WhiteElo "1943"]
[BlackElo "1484"]
[Annotator "NA"]
[PlyCount "41"]
[EventDate "2020.05.25"]
[EventType "swiss (blitz)"]

1. c4 {[%emt 0:00:01]} g6 {[%emt 0:00:02]} 2. Nc3 {[%emt 0:00:01]} Bg7 {[%emt 0:00:01]} 3. g3 {[%emt 0:00:00]} d6 {[%emt 0:00:01]} 4. Bg2 {[%emt 0:00:00]} Nf6 {[%emt 0:00:01]} 5. e3 {[%emt 0:00:00]} O-O {[%emt 0:00:01]} 6. Nge2 {[%emt 0:00:00]} c6 {[%emt 0:00:01]} 7. O-O {[%emt 0:00:00]} Be6 {[%emt 0:00:03]} 8. b3 {[%emt 0:00:01]} Nbd7 {[%emt 0:00:01]} 9. Bb2 {[%emt 0:00:01]} Rb8 {[%emt 0:00:04]} 10. d4 {[%emt 0:00:01]} d5 {[%emt 0:00:02]} 11. cxd5 {[%emt 0:00:02]} cxd5 {[%emt 0:00:01]} 12. Nf4 {[%emt 0:00:01]} Nb6 {[%emt 0:00:02]} 13. a4 {[%emt 0:00:02]} a5 {[%emt 0:00:04]} 14. Nb5 {[%emt 0:00:02]} Bd7 {[%emt 0:00:06]} 15. Qd2 {[%emt 0:00:03]} e6 {[%emt 0:00:06]} 16. Qxa5 {[%emt 0:00:03]} Ne4 {[%emt 0:00:03]} 17. Qb4 {[%emt 0:00:07]} Bxb5 {[%emt 0:00:11]} 18. Qxb5 {[%emt 0:00:04]} Rc8 {[%emt 0:00:06]} 19. Ba3 {[%emt 0:00:03]} Re8 {[%emt 0:00:02]} 20. Bxe4 {[%emt 0:00:01]} dxe4 {[%emt 0:00:01]} 21. Rac1 {[%emt 0:00:01] Tiempo (Lag: Av=0.59s, max=1.0s)} 1-0

[Event "Stay Safe Play From Home 173"]
[Site "T#646330Emanuel Laske"]
[Date "2020.05.25"]
[Round "1"]
[White "GIULIO19031975"]
[Black "praveen prasad"]
[Result "0-1"]
[WhiteElo "1817"]
[BlackElo "2302"]
[Annotator "NA"]
[PlyCount "86"]
[EventDate "2020.05.25"]
[EventType "swiss (blitz)"]

1. e4 {[%emt 0:00:04]} d5 {[%emt 0:00:02]} 2. exd5 {[%emt 0:00:01]} Qxd5 {[%emt 0:00:00]} 3. Nf3 {[%emt 0:00:01]} Bg4 {[%emt 0:00:02]} 4. Be2 {[%emt 0:00:01]} Bxf3 {[%emt 0:00:02]} 5. Bxf3 {[%emt 0:00:01]} Qe5+ {[%emt 0:00:01]} 6. Qe2 {[%emt 0:00:01]} Qxe2+ {[%emt 0:00:01]} 7. Bxe2 {[%emt 0:00:01]} Nc6 {[%emt 0:00:02]} 8. Nc3 {[%emt 0:00:01]} O-O-O {[%emt 0:00:00]} 9. d3 {[%emt 0:00:01]} e6 {[%emt 0:00:01]} 10. Be3 {[%emt 0:00:01]} Nf6 {[%emt 0:00:01]} 11. O-O-O {[%emt 0:00:01]} Nd5 {[%emt 0:00:00]} 12. Nxd5 {[%emt 0:00:02]} exd5 {[%emt 0:00:00]} 13. Kb1 {[%emt 0:00:01]} Be7 {[%emt 0:00:01]} 14. Bg4+ {[%emt 0:00:01]} Kb8 {[%emt 0:00:01]} 15. Rhe1 {[%emt 0:00:02]} Bf6 {[%emt 0:00:01]} 16. Bd2 {[%emt 0:00:02]} Rhe8 {[%emt 0:00:01]} 17. Rxe8 {[%emt 0:00:03]} Rxe8 {[%emt 0:00:00]} 18. a3 {[%emt 0:00:01]} Ne5 {[%emt 0:00:02]} 19. Bh3 {[%emt 0:00:02]} Nc6 {[%emt 0:00:02]} 20. Bf4 {[%emt 0:00:01]} a6 {[%emt 0:00:02]} 21. g4 {[%emt 0:00:01]} h6 {[%emt 0:00:06]} 22. Be3 {[%emt 0:00:02]} d4 {[%emt 0:00:02]} 23. Bd2 {[%emt 0:00:01]} Bg5 {[%emt 0:00:01]} 24. f4 {[%emt 0:00:01]} Bf6 {[%emt 0:00:02]} 25. g5 {[%emt 0:00:01]} hxg5 {[%emt 0:00:02]} 26. fxg5 {[%emt 0:00:01]} Be5 {[%emt 0:00:00]} 27. Bd7 {[%emt 0:00:07]} Rh8 {[%emt 0:00:02]} 28. Bxc6 {[%emt 0:00:02]} bxc6 {[%emt 0:00:00]} 29. Re1 {[%emt 0:00:05]} f6 {[%emt 0:00:01]} 30. Bb4 {[%emt 0:00:02]} Rxh2 {[%emt 0:00:02]} 31. gxf6 {[%emt 0:00:01]} gxf6 {[%emt 0:00:00]} 32. Rg1 {[%emt 0:00:01]} Kb7 {[%emt 0:00:04]} 33. a4 {[%emt 0:00:01]} Rh8 {[%emt 0:00:02]} 34. a5 {[%emt 0:00:01]} Rc8 {[%emt 0:00:03]} 35. Bc5 {[%emt 0:00:01]} Rd8 {[%emt 0:00:02]} 36. b4 {[%emt 0:00:01]} Rd5 {[%emt 0:00:01]} 37. Kb2 {[%emt 0:00:01]} Bd6 {[%emt 0:00:02]} 38. Kb3 {[%emt 0:00:00]} Bxc5 {[%emt 0:00:01]} 39. bxc5 {[%emt 0:00:00]} Rxc5 {[%emt 0:00:00]} 40. Kb4 {[%emt 0:00:01]} Rxc2 {[%emt 0:00:01]} 41. Rg6 {[%emt 0:00:02]} c5+ {[%emt 0:00:00]} 42. Ka3 {[%emt 0:00:01]} Rc3+ {[%emt 0:00:00]} 43. Kb2 {[%emt 0:00:01]} Rxd3 {[%emt 0:00:00] Tempo (Lag: Av=0.93s, max=1.9s)} 0-1

[Event "Stay Safe Play From Home 173"]
[Site "T#646330Emanuel Laske"]
[Date "2020.05.25"]
[Round "1"]
[White "Justwatch"]
[Black "SecantFX"]
[Result "0-1"]
[WhiteElo "1722"]
[BlackElo "1887"]
[Annotator "NA RC"]
[PlyCount "42"]
[EventDate "2020.05.25"]
[EventType "swiss (blitz)"]
[TimeControl "60"]

1. e4 {[%emt 0:00:02]} b6 {[%emt 0:00:04]} 2. Nf3 {[%emt 0:00:00]} Bb7 {[%emt 0:00:00]} 3. Nc3 {[%emt 0:00:00]} c5 {[%emt 0:00:00]} 4. Bc4 {[%emt 0:00:01]} Nc6 {[%emt 0:00:00]} 5. Bxf7+ {[%emt 0:00:01]} Kxf7 {[%emt 0:00:01]} 6. Ng5+ {[%emt 0:00:01]} Ke8 {[%emt 0:00:01]} 7. Qh5+ {[%emt 0:00:00]} g6 {[%emt 0:00:01]} 8. Qf3 {[%emt 0:00:00]} Nf6 {[%emt 0:00:01]} 9. e5 {[%emt 0:00:01]} Nxe5 {[%emt 0:00:00]} 10. Qf4 {[%emt 0:00:01]} d6 {[%emt 0:00:02]} 11. O-O {[%emt 0:00:02]} Bg7 {[%emt 0:00:02]} 12. Ne6 {[%emt 0:00:01]} Qd7 {[%emt 0:00:01]} 13. Nxg7+ {[%emt 0:00:01]} Kf7 {[%emt 0:00:00]} 14. Nf5 {[%emt 0:00:04]} gxf5 {[%emt 0:00:01]} 15. d3 {[%emt 0:00:02]} e6 {[%emt 0:00:01]} 16. Bd2 {[%emt 0:00:01]} Rhg8 {[%emt 0:00:01]} 17. Rae1 {[%emt 0:00:01]} Rxg2+ {[%emt 0:00:01]} 18. Kh1 {[%emt 0:00:00]} Rg4+ {[%emt 0:00:00]} 19. f3 {[%emt 0:00:02]} Rxf4 {[%emt 0:00:01]} 20. Bxf4 {[%emt 0:00:00]} Nxf3 {[%emt 0:00:02]} 21. Rxf3 {[%emt 0:00:01]} Bxf3+ {[%emt 0:00:01] Justwatch terk eder (Lag: Av=0.31s, max=0.5s)} 0-1

[Event "Stay Safe Play From Home 173"]
[Site "T#646330Emanuel Laske"]
[Date "2020.05.25"]
[Round "1"]
[White "Majstor-resa"]
[Black "Archi-ak"]
[Result "0-1"]
[WhiteElo "1667"]
[BlackElo "2095"]
[Annotator "TA"]
[PlyCount "76"]
[EventDate "2020.05.25"]
[EventType "swiss (blitz)"]

{[%evp 9,76,0,0,0,18,0,8,-19,-14,-162,12,-95,-102,-104,-91,-135,-127,-127,-129,-134,-137,-140,-124,-244,-139,-131,-135,-144,-133,-145,-137,-146,-129,-144,-135,-181,-200,-193,-153,-236,-242,-254,-227,-211,-162,-190,-55,-70,-63,-128,-112,-139,-129,-141,-101,-108,-101,-172,465,-83,-86,-95,-41,-40,0,-31,-66,-291,-271]} 1. d4 c6 2. Nf3 d5 3. Nc3 Nf6 4. Bg5 Bf5 5. e3 e6 6. Bd3 {D01: Veresov Opening.} Bg6 7. Ne5 Be7 {[#]} 8. Qf3 $146 {The position is equal.} ({Predecessor:} 8. O-O Nbd7 9. f4 Nxe5 10. fxe5 Nd7 11. Bxg6 hxg6 12. Qf3 Rf8 13. Bf4 Qb6 14. Nd1 {1-0 (65) Pocius,V (1754)-Pidluznij,G (1686) Klaipeda 2017}) 8... Nbd7 9. O-O-O (9. Qh3 $11 {and White is okay.} Bxd3 10. cxd3) 9... Qc7 $2 {[#]} ({Black should try} 9... Bh5 $19 10. Qg3 Bxd1 11. Rxd1 Nxe5 12. dxe5 Nd7 {[%mdl 64] Discovered Attack}) 10. h4 (10. Bxg6 $11 {keeps the balance.} hxg6 11. Nxd7 Kxd7 12. h4) 10... Nxe5 $17 11. dxe5 Qxe5 12. Bf4 Qh5 13. Qg3 Bxd3 14. cxd3 Qg6 15. Qf3 O-O 16. Rdg1 (16. h5 $17 {was worth a try.} Qf5 17. h6) 16... Nh5 ({Black should play} 16... Qxd3 $19 17. Rd1 Qf5) 17. Bh2 f5 18. Qe2 Nf6 19. f3 Qf7 20. g4 fxg4 21. fxg4 Nd7 22. Bf4 e5 23. Bg3 Bd6 24. b3 (24. g5 $17) 24... Qe7 25. h5 Ba3+ 26. Kb1 Rf7 27. g5 Rf5 (27... Qxg5 $19 {aiming for ...Raf8.} 28. h6 g6) 28. g6 $15 h6 29. Bh4 (29. e4 $15 dxe4 30. Nxe4) 29... Qe6 30. Rf1 Raf8 31. Rxf5 Qxf5 32. e4 dxe4 33. Nxe4 {[#]} (33. Qxe4 $17 Bc5 34. Ne2) 33... Nc5 $4 {[%mdl 8192]} (33... Nb6 $1 $19 {and all is fine.} 34. Be1 Nd5) 34. Nxc5 $2 (34. Be7 $18) 34... Bxc5 $17 35. Qe4 {Hoping for Qc4+.} Qxe4 (35... Qf4 $17 36. Qc4+ Qxc4 37. dxc4 Rf4) 36. dxe4 $15 Bd4 37. Rc1 Rf4 38. Bg3 $2 (38. Be7 $15) 38... Rxe4 {Accuracy: White = 34%, Black = 55%.} 0-1